[Event "ISR-chT 2019"]
[Site "Israel"]
[Date "2019.02.15"]
[Round "5.24"]
[White "Gershon, Alik"]
[Black "Mikhalevski, Alexander"]
[Result "1-0"]
[WhiteElo "2431"]
[BlackElo "2430"]
[Annotator "NA"]
[PlyCount "49"]
[EventDate "2019.01.04"]
[EventType "team-tourn"]
[EventCountry "ISR"]
[SourceTitle "playchess.com"]
[Source "ChessBase"]
[SourceQuality "1"]
[TimeControl "40/5400+30:1800+30"]

1. c4 {[%emt 0:00:07]} e6 {[%emt 0:00:00]} 2. d4 {[%emt 0:00:47]} d5 {[%emt 0:00:00]} 3. Nc3 {[%emt 0:00:05]} Be7 {[%emt 0:00:00]} 4. cxd5 {[%emt 0:00:31]} exd5 {[%emt 0:00:03]} 5. Bf4 {[%emt 0:00:12]} Nf6 {[%emt 0:00:07]} 6. e3 {[%emt 0:00:12]} O-O {[%emt 0:00:09]} 7. Bd3 {[%emt 0:00:15]} c5 {[%emt 0:00:08]} 8. Nge2 {[%emt 0:00:37]} Nc6 {[%emt 0:00:10]} 9. O-O {[%emt 0:00:31]} c4 {[%emt 0:04:28]} 10. Bc2 {[%emt 0:01:27]} a6 {[%emt 0:00:08]} 11. a4 {[%emt 0:02:01]} Nh5 {[%emt 0:00:48]} 12. b3 {[%emt 0:00:34]} Qa5 {[%emt 0:01:37]} 13. bxc4 {[%emt 0:05:33]} Nxf4 {[%emt 0:00:31]} 14. Nxf4 {[%emt 0:00:07]} dxc4 {[%emt 0:09:33]} 15. Ncd5 {[%emt 0:00:07]} Bd8 {[%emt 0:06:22]} 16. Ra3 {[%emt 0:23:29]} g5 {[%emt 0:15:07]} 17. Qh5 {[%emt 0:17:33]} f5 {[%emt 0:00:25]} 18. e4 {[%emt 0:08:13]} gxf4 {[%emt 0:01:25]} 19. Rh3 {[%emt 0:05:32]} Rf7 {[%emt 0:00:54]} 20. Nxf4 {[%emt 0:00:04]} Bd7 {[%emt 0:16:22]} 21. Qh6 {[%emt 0:03:15]} Ne7 {[%emt 0:11:05]} 22. e5 {[%emt 0:05:06]} Bb6 {[%emt 0:22:09]} 23. Nh5 {[%emt 0:10:12]} Ng6 {[%emt 0:04:43]} 24. Nf6+ {[%emt 0:00:30]} Rxf6 {[%emt 0:00:09]} 25. Qxh7+ {[%emt 0:00:13]} 1-0

[Event "ISR-chT 2019"]
[Site "Israel"]
[Date "2019.02.15"]
[Round "5.25"]
[White "Rodshtein, Maxim"]
[Black "Rechlis, Gad"]
[Result "1-0"]
[WhiteElo "2668"]
[BlackElo "2526"]
[Annotator "TA"]
[PlyCount "81"]
[EventDate "2019.01.04"]
[EventType "team-tourn"]
[EventCountry "ISR"]
[SourceTitle "playchess.com"]
[Source "ChessBase"]
[SourceQuality "1"]

{[%evp 21,81,41,50,47,50,47,45,24,54,57,47,43,70,59,75,27,27,21,130,28,29,0,162,170,206,229,228,200,289,283,268,252,328,328,371,285,333,0,459,483,478,460,707,700,692,520,538,424,655,652,1020,984,999,0,1004,940,899,895,1085,445,890,725]} 1. d4 Nf6 2. c4 e6 3. Nf3 c5 4. d5 exd5 5. cxd5 d6 6. Nc3 g6 7. Nd2 Nbd7 8. e4 Bg7 9. Be2 O-O 10. O-O Re8 11. a4 {[%cal Ba2a4,Ba4a5][%mdl 32]} Ne5 12. Ra3 {A77: Modern Benoni: Classical: 9...Re8 10 Nd2: 10...a6 and 10...Nbd7} (12. Re1 a6 13. Nf1 Nfg4 14. f3 Nh6 15. Be3 f5 16. Qd2 Nef7 17. Bd3 fxe4 18. Bxe4 Bd7 19. h3 b5 20. axb5 axb5 21. Rxa8 Qxa8 {0-1 (40) Kozul,Z (2597)-Yilmaz,M (2621) Sarajevo 2018}) 12... a6 13. a5 Rb8 14. Qc2 {White is slightly better.} Qe7 15. h3 g5 16. Na4 g4 17. hxg4 $146 ({Predecessor:} 17. Nb6 gxh3 18. Nxc8 h2+ 19. Kxh2 Rbxc8 20. Kg1 c4 21. Re1 {1-0 (30) Boehme,S (2341)-Piel,G (2255) GER email 2007}) 17... Bxg4 18. Re1 Ng6 19. Nb6 h5 (19... Bxe2 $11 {remains equal.} 20. Rxe2 Nf4) 20. f3 ({White should try} 20. Rg3 $16) 20... Nd7 $11 21. Nf1 Nxb6 $2 {[#]} (21... Bd4+ $1 $11 22. Be3 Bh3) 22. fxg4 $18 Nd7 23. gxh5 Bd4+ 24. Be3 Nf4 (24... Nge5 $142 25. Ng3 Qh4) 25. Bxd4 cxd4 26. Rg3+ Kf8 27. Bd1 Ne5 28. Qd2 Qf6 {[#]} 29. Rb3 $2 ({White has to play} 29. Nh2 $1 $18) 29... Ke7 $2 {[%mdl 8192]} (29... Rbc8 $11 {and Black stays safe.}) 30. Ng3 Qg5 {Threatens to win with ...Nh3+!} 31. Qxd4 Kd7 (31... Kf8 $142 32. Rf1 Rec8) 32. Rc3 Rg8 33. Ree3 Ke8 34. Qb6 Rd8 (34... Qf6 $142 35. Rc2 Kf8) 35. Qxb7 Ng4 36. Rf3 Ne5 37. Rfe3 Ng4 $1 {[%cal Rg4e3]} 38. Bxg4 {White is clearly winning.} Qxg4 39. Qxa6 Nxh5 40. Qe2 (40. Qc6+ $142 Kf8 41. Qc7) 40... Nf6 (40... Nxg3 $142 41. Qb5+ Qd7 42. Qxd7+ Kxd7 43. Rxg3 Rxg3 44. Rxg3 Rb8) 41. Nf5 {Accuracy: White = 57%, Black = 35%.} 1-0

[Event "ISR-chT 2019"]
[Site "Israel"]
[Date "2019.02.15"]
[Round "5.26"]
[White "Sivuk, Vitaly"]
[Black "Postny, Evgeny"]
[Result "1-0"]
[WhiteElo "2519"]
[BlackElo "2623"]
[Annotator "TA"]
[PlyCount "91"]
[EventDate "2019.01.04"]
[EventType "team-tourn"]
[EventCountry "ISR"]
[SourceTitle "playchess.com"]
[Source "ChessBase"]
[SourceQuality "1"]

{[%evp 9,91,13,36,-22,-28,-33,-45,-47,-45,-34,-32,-45,-17,-18,-18,-16,-16,-17,-16,-17,-16,-19,-15,-18,-12,-14,0,0,0,-18,-16,-20,-32,-33,0,-5,-6,-6,-7,-8,-6,-9,0,-1,0,0,0,0,0,0,0,0,0,0,0,0,0,0,2,2,23,27,87,43,40,50,53,48,56,79,80,76,472,471,518,515,518,518,513,499,503,486,467,465]} 1. d4 d5 2. Nf3 Nf6 3. c4 c6 4. Nc3 dxc4 5. a4 e6 6. g3 {D16: Slav Defence: 5 a4: Lines with 5...Bg4 and 5...Na6} (6. e4 $14) (6. e3 c5 7. Bxc4 cxd4 8. exd4 Nc6 9. O-O Be7 10. Bg5 O-O 11. Qd2 b6 12. d5 Na5 13. Ba2 Nxd5 14. Nxd5 exd5 15. Bxe7 Qxe7 16. b4 Nc4 17. Qxd5 {0-1 (79) Navara,D (2740)-Grandelius,N (2655) Porto Carras 2018}) 6... c5 $11 7. Bg2 Nc6 {[%cal Rc5d4]} 8. dxc5 {Black is slightly better.} Qxd1+ 9. Nxd1 Bxc5 10. Be3 Bb4+ 11. Bd2 $1 Ke7 12. Ne3 Bxd2+ $146 ({Predecessor:} 12... Bd7 13. Nxc4 Rac8 14. O-O Bxd2 15. Nfxd2 b6 16. Rfc1 Rhd8 17. Nb3 Be8 18. a5 Nxa5 {½-½ (18) Petkov,V (2566)-Danin,A (2575) Hofheim 2013}) 13. Nxd2 {[#]} c3 $1 {[%mdl 512]} 14. bxc3 Na5 15. Nec4 Nxc4 16. Nxc4 Bd7 17. Ne5 Rac8 18. Bxb7 Rxc3 19. a5 Bb5 20. O-O Rb8 21. a6 Nd7 (21... Bxe2 {seems wilder.} 22. Rfb1 Bd3 23. Rd1 Bb5 24. Rdb1 Be8) 22. Rfb1 Nxe5 23. Rxb5 Nd7 24. h4 Rc7 25. Rb4 Rd8 26. e3 Nf6 27. Ra2 Rd6 28. Bf3 Ne8 29. Rb7 {With the idea Rc2.} Rdd7 30. Rab2 Nd6 31. Kg2 Rc5 32. h5 h6 33. R2b4 f5 34. g4 Rdc7 35. gxf5 Nxf5 (35... exf5 $11 36. Rxc7+ Rxc7) 36. Rb8 Nd6 37. R4b7 {Black must now prevent Ra8.} e5 $1 ({Not} 37... Nxb7 $2 38. axb7 Rg5+ 39. Kh3 $18) 38. Rg8 Kf6 {[#] Hoping for ...e4.} 39. Bd5 {And now Rf8+ would win.} e4 40. Ra8 Nb5 $2 {[%mdl 8192]} (40... Ke5 $16 {is tougher.}) 41. Bxe4 $18 {White is clearly winning.} Rg5+ 42. Kf3 Rc3 43. Rf8+ Ke6 {intending ...Nd4+.} 44. Bg6 Ra3 45. Rxg7 Rxa6 46. Rh7 {Accuracy: White = 70%, Black = 63%.} 1-0

[Event "ISR-chT 2019"]
[Site "Israel"]
[Date "2019.02.15"]
[Round "5.28"]
[White "Drori, Saar"]
[Black "Roiz, Michael"]
[Result "0-1"]
[WhiteElo "2386"]
[BlackElo "2605"]
[Annotator "TA"]
[PlyCount "100"]
[EventDate "2019.01.04"]
[EventType "team-tourn"]
[EventCountry "ISR"]
[SourceTitle "playchess.com"]
[Source "ChessBase"]
[SourceQuality "1"]

{[%evp 17,100,0,6,-26,-31,-34,-12,-20,-12,-10,-10,-15,-20,-39,-35,-28,-22,-33,-33,-38,-30,-38,-39,-40,-53,-45,-27,-53,-49,-60,-23,-12,-10,-10,-10,-3,-4,-12,9,-29,-23,-22,-26,-67,-70,-60,-70,-64,-55,-53,-64,-94,-89,-135,-135,-123,-103,-99,-52,-54,-60,-58,-53,-144,-145,-208,-172,-247,-260,-356,-337,-956,-946,-836,-773,-2467,-2509,-2152,-2077,-1308,-841,-5509,-5974,-5217,-3649]} 1. e4 e5 2. Nf3 Nc6 3. Bc4 Bc5 4. c3 Nf6 5. d3 d6 6. a4 {C54: Giuoco Piano: 4 c3 Nf6, main lines with 5 d4 and 5 d3} (6. O-O a6 7. a4 O-O 8. Re1 a5 9. h3 h6 10. Nbd2 Be6 11. Bb5 Na7 12. d4 Nxb5 13. axb5 exd4 14. Nxd4 Re8 15. Nf1 Bc4 16. Ng3 d5 17. e5 Ne4 18. Nxe4 dxe4 19. Rxe4 Qd5 20. Qf3 Bxd4 21. cxd4 Re6 22. Rf4 {½-½ (22) Giri,A (2783)-Anand,V (2773) Wijk aan Zee 2019}) 6... a5 7. O-O h6 8. Na3 O-O 9. Nc2 Be6 {LiveBook: 9 Games} 10. b3 $146 ({Predecessor:} 10. Bxe6 fxe6 11. Be3 Bxe3 12. Nxe3 Qe8 13. Nd2 Nd7 14. Ndc4 Nc5 {0-1 (35) Fressinet,L (2662)-Anton Guijarro,D (2666) Riadh 2017}) 10... d5 11. exd5 Bxd5 (11... Nxd5 {keeps more tension.} 12. Bd2 Qf6 13. Qe2 Rad8 14. Rae1 Bg4) 12. Ba3 Bxa3 13. Nxa3 Re8 14. Nd2 Re7 15. Qc2 Bxc4 16. Ndxc4 Qd7 17. Nb5 Rd8 18. Rad1 {[%cal Ba1d1,Bd1d2,Bd2e2,Be2e5][%mdl 32]} Qf5 19. Ne3 Qg6 20. Rd2 Red7 21. Rfd1 h5 22. h3 b6 23. Re2 h4 24. d4 exd4 25. cxd4 Nb4 26. Qxg6 fxg6 27. Nc4 g5 28. Re5 (28. Ne5 {looks sharper.} Re7 29. Rdd2 c6 30. Nc3 c5 31. Nc4) 28... Nc6 $36 {[%cal Rc6d4][%mdl 2048] Black has some pressure.} 29. Rxg5 Nxd4 30. Rxd4 Rxd4 31. Nxd4 Rxd4 $11 {[%mdl 4096] Endgame KRN-KRN} 32. Re5 Rd1+ 33. Kh2 Rd3 34. Re3 Rxe3 35. Nxe3 $17 {KN-KN} Kf7 36. g3 Ke6 37. f4 hxg3+ 38. Kxg3 Ne4+ 39. Kg4 Nd2 40. Kg5 {[#]} (40. Nf5 $15) 40... Kf7 $1 ({Much worse is} 40... Nxb3 $6 41. Kg6 $11) 41. f5 (41. Kf5 $17) 41... Nxb3 $19 {White must now prevent ...Nc5.} 42. Nc4 {[#]} (42. Kf4 $142) 42... Nc5 $1 43. Ne5+ Kg8 44. Kg6 $2 (44. f6 gxf6+ 45. Kxf6) 44... Nxa4 {Black is clearly winning.} 45. h4 Nc3 46. f6 gxf6 47. Nc6 Nd5 48. h5 Nf4+ 49. Kxf6 a4 {[%cal Ba5a4,Ba4a3][%mdl 32]} 50. Ke5 a3 {Precision: White = 35%, Black = 83%.} 0-1

[Event "ISR-chT 2019"]
[Site "Israel"]
[Date "2019.02.15"]
[Round "5.29"]
[White "Huzman, Alexander"]
[Black "Manor, Ilan"]
[Result "1/2-1/2"]
[WhiteElo "2580"]
[BlackElo "2472"]
[Annotator "TA"]
[PlyCount "93"]
[EventDate "2019.01.04"]
[EventType "team-tourn"]
[EventCountry "ISR"]
[SourceTitle "playchess.com"]
[Source "ChessBase"]
[SourceQuality "1"]

{[%evp 20,93,94,97,115,104,102,109,131,115,114,123,135,123,137,115,112,94,103,83,166,166,208,194,193,194,197,208,190,160,214,156,158,167,162,143,169,170,202,138,168,154,227,184,182,182,188,185,187,190,187,181,185,183,218,171,209,174,169,158,154,85,104,102,121,84,87,84,95,89,90,39,41,0,0,0]} 1. Nf3 g6 2. d4 Bg7 3. e4 c6 4. Nc3 d5 5. h3 Nh6 6. Bf4 f6 7. exd5 cxd5 8. Nb5 Na6 9. c4 Nf7 {B15: Caro-Kann: 3 Nc3: 3...g6 and 3...dxe4 4 Nxe4 Nf6 5 Nxf6+ exf6} (9... O-O 10. cxd5 Qxd5 11. Nc3 Qf7 12. Qa4 Rd8 13. Bc4 Be6 14. d5 Bd7 15. Qb3 Nc5 16. Qb4 Rac8 17. O-O Nf5 {½-½ (41) Dionisi,T (2399)-Le Roux,J (2557) Brest 2018}) 10. cxd5 Qxd5 11. Nc3 {LiveBook: 13 Games} Qe6+ {White is better.} 12. Be2 O-O 13. O-O Qb6 14. a3 $146 ({Predecessor:} 14. Nd5 Qd8 15. Qb3 e6 16. Bxa6 exd5 17. Bxb7 Bxb7 18. Qxb7 {1-0 (32) Stevic,H (2400)-Muse,M (2445) Medulin 1997}) 14... Bf5 15. Nd5 Qd8 16. Qb3 $36 {[%mdl 2048] Black is under strong pressure.} e5 17. Qxb7 {Strongly threatening Ne7+.} Rb8 18. Qxa6 exf4 19. Nxf4 Ng5 (19... Rxb2 $16 {is a better defense.} 20. Bd3 Qd6) 20. b4 $18 (20. Qxa7 Qd6 $16) 20... Nxf3+ 21. Bxf3 Qxd4 22. Ne6 Bxe6 23. Qxe6+ Kh8 24. Rfd1 Qb2 (24... Rbe8 $16 {keeps fighting.} 25. Qxe8 (25. Rxd4 Rxe6 26. Rd7 f5 $18) 25... Qxd1+ 26. Rxd1 Rxe8) 25. Qa6 Rf7 26. Rab1 Qe5 27. Rd5 Qf4 28. Rbd1 f5 29. Qe6 Qc7 30. g3 Rbf8 (30... Re7 $16 31. Qa6 f4) 31. Kg2 Qc4 32. Qd6 g5 {White should prevent ...g4.} 33. Rc5 Qb3 34. Rd3 Qb2 {With the idea ...g4.} 35. Rc4 Qb1 36. Qd5 Re7 37. Rd1 Qb2 38. Qd6 Ref7 39. Bd5 Rf6 40. Qd7 (40. Qe7 $142) 40... f4 41. Rc7 {[%csl Gc7][%cal Rd7g7]} Rg6 {And now ...fxg3 would win.} 42. g4 {Hoping for Bf3.} f3+ {[#]} 43. Kg1 $1 ({But not} 43. Bxf3 $6 Rxf3 44. Rc8+ (44. Kxf3 $2 {perishes.} Rf6+ 45. Qf5 Rxf5+ 46. gxf5 Bd4 $19) 44... Bf8 $11) 43... Rh6 {[#]} 44. Rc8 $1 {[%cal Rc8f8] Rxf8+ is the strong threat.} Rxh3 {( -> ...Rg3+!)} 45. Qe6 (45. Qc7 $16) 45... Rg3+ $1 $14 46. Kh1 {Threatening mate with Rxf8+.} Rh3+ 47. Kg1 {Precision: White = 65%, Black = 60%.} 1/2-1/2

[Event "ISR-chT 2019"]
[Site "Israel"]
[Date "2019.02.15"]
[Round "5.30"]
[White "Bitensky, Igor"]
[Black "Mikhalevski, Victor"]
[Result "1/2-1/2"]
[WhiteElo "2373"]
[BlackElo "2581"]
[Annotator "ChessBase"]
[PlyCount "56"]
[EventDate "2019.01.04"]
[EventType "team-tourn"]
[EventCountry "ISR"]
[SourceTitle "playchess.com"]
[Source "ChessBase"]
[SourceQuality "1"]
[TimeControl "40/5400+30:1800+30"]

1. e4 {[%emt 0:04:28]} e5 {[%emt 0:00:56]} 2. Nf3 {[%emt 0:00:08]} Nc6 {[%emt 0:00:06]} 3. Bb5 {[%emt 0:01:38]} g6 {[%emt 0:01:36]} 4. c3 {[%emt 0:02:03]} Bg7 {[%emt 0:01:01]} 5. O-O {[%emt 0:02:11]} a6 {[%emt 0:01:02]} 6. Ba4 {[%emt 0:00:30]} Nge7 {[%emt 0:00:53]} 7. d4 {[%emt 0:00:46]} exd4 {[%emt 0:00:29]} 8. cxd4 {[%emt 0:00:01]} b5 {[%emt 0:00:12]} 9. Bc2 {[%emt 0:01:26]} d6 {[%emt 0:00:11]} 10. h3 {[%emt 0:00:33]} O-O {[%emt 0:00:10]} 11. Nc3 {[%emt 0:00:12]} Na5 {[%emt 0:02:08]} 12. Ne2 {[%emt 0:02:43]} c5 {[%emt 0:02:50]} 13. d5 {[%emt 0:01:24]} Nc4 {[%emt 0:10:45]} 14. Rb1 {[%emt 0:00:46]} f5 {[%emt 0:02:05]} 15. b3 {[%emt 0:01:16]} Ne5 {[%emt 0:07:27]} 16. Nxe5 {[%emt 0:03:50]} Bxe5 {[%emt 0:02:57]} 17. Bb2 {[%emt 0:25:09]} Bxb2 {[%emt 0:05:15]} 18. Rxb2 {[%emt 0:00:01]} f4 {[%emt 0:15:22]} 19. f3 {[%emt 0:06:52]} g5 {[%emt 0:00:18]} 20. e5 {[%emt 0:06:39]} Bf5 {[%emt 0:03:07]} 21. g4 {[%emt 0:10:42]} fxg3 {[%emt 0:09:58]} 22. Nxg3 {[%emt 0:00:02]} dxe5 {[%emt 0:01:17]} 23. d6 {[%emt 0:03:07]} Bxc2 24. Rxc2 {[%emt 0:00:01]} Ng6 {[%emt 0:01:34]} 25. Qd5+ {[%emt 0:04:33]} Kh8 {[%emt 0:03:34]} 26. Ne4 {[%emt 0:09:31]} Qd7 {[%emt 0:03:38]} 27. Nxc5 {[%emt 0:02:35]} Qxh3 {[%emt 0:06:18]} 28. Ne6 {[%emt 0:00:03]} Rae8 {[%emt 0:09:10]} 1/2-1/2

[Event "ISR-chT 2019"]
[Site "Israel"]
[Date "2019.02.15"]
[Round "5.31"]
[White "Soffer, Ram"]
[Black "Zoler, Dan"]
[Result "0-1"]
[WhiteElo "2477"]
[BlackElo "2503"]
[Annotator "TA"]
[PlyCount "124"]
[EventDate "2019.01.04"]
[EventType "team-tourn"]
[EventCountry "ISR"]
[SourceTitle "playchess.com"]
[Source "ChessBase"]
[SourceQuality "1"]

{[%evp 23,124,17,20,0,0,0,0,-18,-12,-25,-18,-28,-35,-34,-41,-40,-44,-65,-39,-40,-38,-110,-104,-110,-106,-110,-110,-110,-116,-111,-112,-106,-101,-109,-109,-112,-102,-102,-92,-102,-85,-100,-93,-99,-100,-100,-94,-115,-114,-134,-146,-186,-154,-157,-156,-206,-206,-244,-237,-255,-202,-210,-180,-182,-173,-183,-181,-166,-159,-170,-170,-168,-161,-436,-377,-287,-45,-57,-8,-1916,-1048,-29969,-29969,-29972,-29973,-29973,-29973,-29975,-29976,-29974,-29976,-29977,-29978,-29978,-29979,-29979,-29980,-29980,-29981,-29981,-29982,-29982,-29983]} 1. e4 c5 2. Nf3 d6 3. Bb5+ Bd7 4. Bxd7+ Qxd7 5. c4 Nc6 6. d4 cxd4 7. Nxd4 Nf6 8. Nc3 g6 9. b3 Bg7 10. Bb2 O-O 11. O-O a6 {B52: Sicilian: Moscow Variation with 3...Bd7} (11... Rac8 12. Re1 Rfd8 13. Nd5 Ne8 14. Qd2 e6 15. Ne3 Nf6 16. Qc2 d5 17. e5 Nh5 18. Rad1 Qe7 19. g3 Rb8 20. Bc3 Qa3 21. Rd3 a5 22. Red1 Qc5 23. Qd2 Rdc8 {½-½ (23) Yu,Y (2725)-Lu,S (2607) Shenzhen 2016}) 12. Re1 e6 {LiveBook: 3 Games} 13. Rc1 Nxd4 $146 {The position is equal.} ({Predecessor:} 13... Rfd8 14. Nf3 Ng4 15. Qd2 Bh6 16. Qc2 Bxc1 17. Qxc1 Nge5 18. Qh6 f6 19. Rd1 {0-1 (40) Pierrot,J (2427)-Szeberenyi,A (2365) Budapest 2001}) 14. Qxd4 b5 15. cxb5 axb5 16. Qb4 Rfb8 17. Rcd1 Ne8 18. Ba1 Qc6 19. Rc1 Qb6 20. Red1 Qa5 21. Qxa5 Rxa5 22. a4 (22. g3 $15) 22... bxa4 $17 23. bxa4 Rc8 24. Nb5 Rxc1 25. Rxc1 Rxa4 26. Bxg7 Kxg7 {[%mdl 4096] Endgame KRN-KRN} 27. f3 Kf8 28. Rc8 Ke7 29. Rb8 Ra1+ 30. Kf2 Ra2+ 31. Kg3 Nf6 32. Rb7+ Nd7 33. Rc7 d5 34. exd5 exd5 35. Nd4 Ra4 36. Ne2 Kd6 37. Rc2 Nc5 38. Rd2 {intending Nc3.} Ra3 39. Rb2 Ke5 40. Rb5 Ne4+ $1 41. Kh3 Nd6 42. Rc5 {and the idea Nc3 leaves White hopeful.} Rd3 43. Rc7 h5 44. Re7+ Kf6 45. Rd7 Ke6 46. Nf4+ Kxd7 47. Nxd3 $19 {KN-KN} Kc6 48. g4 $2 {[#]} (48. Kg3 {only move.}) 48... hxg4+ $1 49. fxg4 {[#]} d4 $2 (49... Kb5 $1 $19 {...Kc4 is the strong threat.} 50. Ne5 Kc5) 50. Kg3 $15 Kd5 {Hoping for ...Ke4.} 51. h4 $2 {[%mdl 8192]} (51. Kf4 $11) 51... Ke4 $19 52. Nc5+ Ke3 {Black mates.} 53. h5 d3 54. Na4 Ne4+ 55. Kg2 d2 56. Nb2 Ke2 57. h6 Ng5 58. Kg3 d1=Q 59. Nxd1 Kxd1 60. Kf4 f6 61. Ke3 Ke1 62. Kd4 Kf2 {Precision: White = 36%, Black = 77%.} 0-1

[Event "ISR-chT 2019"]
[Site "Israel"]
[Date "2019.02.15"]
[Round "5.32"]
[White "Bakalchuk, Johnatan"]
[Black "Shvidler, Eliahu"]
[Result "1-0"]
[WhiteElo "2456"]
[BlackElo "2357"]
[Annotator "ChessBase"]
[PlyCount "73"]
[EventDate "2019.01.04"]
[EventType "team-tourn"]
[EventCountry "ISR"]
[SourceTitle "playchess.com"]
[Source "ChessBase"]
[SourceQuality "1"]
[TimeControl "40/5400+30:1800+30"]

1. e4 {[%emt 0:00:00]} e5 {[%emt 0:02:27]} 2. Nf3 {[%emt 0:00:00]} Nf6 {[%emt 0:00:11]} 3. Nxe5 {[%emt 0:00:00]} d6 {[%emt 0:00:08]} 4. Nf3 {[%emt 0:00:00]} Nxe4 {[%emt 0:00:09]} 5. d4 {[%emt 0:00:13]} Nf6 {[%emt 0:00:20]} 6. Bd3 {[%emt 0:00:19]} Be7 {[%emt 0:00:12]} 7. h3 {[%emt 0:01:29]} O-O {[%emt 0:00:20]} 8. O-O {[%emt 0:00:02]} b6 {[%emt 0:00:10]} 9. c4 {[%emt 0:05:51]} Bb7 {[%emt 0:06:19]} 10. Nc3 {[%emt 0:05:01]} Nbd7 {[%emt 0:05:06]} 11. Re1 {[%emt 0:03:11]} Re8 {[%emt 0:04:16]} 12. d5 {[%emt 0:05:13]} c6 {[%emt 0:09:22]} 13. dxc6 {[%emt 0:19:00]} Bxc6 {[%emt 0:00:12]} 14. Bf4 {[%emt 0:02:34]} Bb7 {[%emt 0:03:24]} 15. Nd4 {[%emt 0:05:10]} g6 {[%emt 0:05:47]} 16. Ndb5 {[%emt 0:02:21]} Ne5 {[%emt 0:02:29]} 17. Bf1 {[%emt 0:00:57]} a6 {[%emt 0:02:19]} 18. Na3 {[%emt 0:04:57]} Bf8 {[%emt 0:08:24]} 19. Qd2 {[%emt 0:04:14]} Qc7 {[%emt 0:05:46]} 20. Rad1 {[%emt 0:05:42]} Qc6 {[%emt 0:04:39]} 21. Nd5 {[%emt 0:04:37]} Nfd7 {[%emt 0:06:04]} 22. Bh6 {[%emt 0:07:33]} Bxh6 {[%emt 0:12:42]} 23. Qxh6 {[%emt 0:00:02]} f6 {[%emt 0:00:26]} 24. Qd2 {[%emt 0:03:23]} Kg7 {[%emt 0:01:22]} 25. f4 {[%emt 0:07:16]} Nf7 {[%emt 0:00:09]} 26. Nc2 {[%emt 0:00:41]} Qc5+ {[%emt 0:07:44]} 27. Nd4 {[%emt 0:01:14]} Bxd5 {[%emt 0:02:52]} 28. cxd5 {[%emt 0:00:18]} Kg8 {[%emt 0:00:21]} 29. Be2 {[%emt 0:03:35]} Rab8 {[%emt 0:04:42]} 30. b4 {[%emt 0:02:01]} Qc8 {[%emt 0:02:20]} 31. Nc6 {[%emt 0:01:59]} Ra8 {[%emt 0:00:36]} 32. Bg4 {[%emt 0:02:38]} f5 {[%emt 0:00:53]} 33. Bf3 {[%emt 0:00:39]} Qc7 {[%emt 0:01:28]} 34. Rc1 {[%emt 0:00:53]} Kf8 {[%emt 0:00:25]} 35. Nd4 {[%emt 0:01:20]} Rxe1+ {[%emt 0:01:00]} 36. Qxe1 {[%emt 0:00:08]} Qa7 {[%emt 0:00:46]} 37. Rc7 {[%emt 0:00:28]} 1-0

[Event "ISR-chT 2019"]
[Site "Israel"]
[Date "2019.02.15"]
[Round "5.33"]
[White "Aharonovich, Itamar"]
[Black "Caspi, Israel"]
[Result "0-1"]
[WhiteElo "2299"]
[BlackElo "2455"]
[Annotator "ChessBase"]
[PlyCount "70"]
[EventDate "2019.01.04"]
[EventType "team-tourn"]
[EventCountry "ISR"]
[SourceTitle "playchess.com"]
[Source "ChessBase"]
[SourceQuality "1"]
[TimeControl "40/5400+30:1800+30"]

1. d4 {[%emt 0:02:49]} d6 {[%emt 0:00:36]} 2. Nf3 {[%emt 0:00:30]} f5 {[%emt 0:00:06]} 3. g3 {[%emt 0:00:23]} Nf6 {[%emt 0:00:58]} 4. Bg2 {[%emt 0:00:11]} g6 {[%emt 0:00:03]} 5. c4 {[%emt 0:00:32]} Bg7 {[%emt 0:00:13]} 6. O-O {[%emt 0:00:12]} O-O {[%emt 0:00:05]} 7. Nc3 {[%emt 0:00:32]} c6 {[%emt 0:00:08]} 8. Rb1 {[%emt 0:01:32]} Ne4 {[%emt 0:01:18]} 9. Qc2 {[%emt 0:00:32]} Nxc3 {[%emt 0:00:07]} 10. bxc3 {[%emt 0:01:06]} e5 {[%emt 0:00:57]} 11. dxe5 {[%emt 0:00:14]} dxe5 {[%emt 0:00:08]} 12. Ba3 {[%emt 0:00:12]} Rf7 {[%emt 0:07:40]} 13. Rfd1 {[%emt 0:00:29]} Nd7 {[%emt 0:01:29]} 14. e4 {[%emt 0:02:28]} Bf8 {[%emt 0:00:15]} 15. Bxf8 {[%emt 0:00:31]} Qxf8 {[%emt 0:00:13]} 16. exf5 {[%emt 0:01:50]} gxf5 {[%emt 0:00:23]} 17. Qd2 {[%emt 0:03:38]} Re7 {[%emt 0:36:35]} 18. Qg5+ {[%emt 0:11:52]} Rg7 {[%emt 0:01:49]} 19. Qe3 {[%emt 0:14:11]} e4 {[%emt 0:07:27]} 20. Nh4 {[%emt 0:01:42]} Nc5 {[%emt 0:02:53]} 21. Qf4 {[%emt 0:12:18]} Be6 {[%emt 0:02:24]} 22. f3 {[%emt 0:14:49]} exf3 {[%emt 0:04:49]} 23. Bxf3 {[%emt 0:00:58]} Re8 {[%emt 0:05:43]} 24. Bh5 {[%emt 0:05:26]} Ree7 {[%emt 0:00:42]} 25. Rf1 {[%emt 0:04:00]} Ne4 {[%emt 0:07:02]} 26. Rbe1 {[%emt 0:05:23]} Ng5 {[%emt 0:03:28]} 27. Kg2 {[%emt 0:03:28]} Kh8 {[%emt 0:01:17]} 28. Re2 {[%emt 0:03:48]} Qg8 {[%emt 0:02:34]} 29. Nxf5 {[%emt 0:03:23]} Bd5+ {[%emt 0:00:43]} 30. cxd5 {[%emt 0:00:57]} Qxd5+ {[%emt 0:00:07]} 31. Kf2 {[%emt 0:03:42]} Nh3+ {[%emt 0:00:19]} 32. Ke1 {[%emt 0:00:09]} Rxe2+ {[%emt 0:00:49]} 33. Bxe2 {[%emt 0:00:08]} Nxf4 {[%emt 0:00:10]} 34. Rxf4 {[%emt 0:00:11]} Rd7 {[%emt 0:02:21]} 35. Kf2 {[%emt 0:01:27]} Rf7 {[%emt 0:02:41]} 0-1